Lineamenti di diritto processuale penale
Guardat en:
| Autor principal: | |
|---|---|
| Format: | Llibre |
| Idioma: | italià |
| Publicat: |
Milán, Italia
Giuffrè Francis Lefebvre
2019
|
| Edició: | 17a. ed |
| Matèries: | |
| Etiquetes: |
Afegir etiqueta
Sense etiquetes, Sigues el primer a etiquetar aquest registre!
|
MARC
| LEADER | 00000cam a2200000 a 4500 | ||
|---|---|---|---|
| 001 | UCC9594 | ||
| 003 | CL-VaPUC | ||
| 005 | 20210527001531.0 | ||
| 008 | 191010e20190000it |||||||||||||||||ita|d | ||
| 020 | |a 9788828814320 | ||
| 020 | |a 9788814218439 | ||
| 040 | |c Pontificia Universidad Católica de Valparaíso | ||
| 082 | 0 | 4 | |a 345.4505 TON 2019 |2 21 |
| 100 | 0 | |a Tonini, Paolo |e author |9 328 | |
| 245 | 1 | 0 | |a Lineamenti di diritto processuale penale |
| 250 | |a 17a. ed | ||
| 260 | |a Milán, Italia |b Giuffrè Francis Lefebvre |c 2019 | ||
| 300 | |a 679 páginas | ||
| 583 | |a last modification |c 20191010 15:29:00 |k Rodrigo Vera | ||
| 650 | 0 | |a Derecho procesal penal |9 256392 | |
| 650 | 7 | |a Derecho penal italiano |2 CL-VaPUC |9 439478 | |
| 650 | 0 | |a Jurisprudencia |9 255952 | |
| 650 | 7 | |a DERECHO CONSTITUCIONAL ITALIANO |2 CL-VaPUC |9 454635 | |
| 942 | |c BK |2 ddc | ||
| 945 | |d 20191010 15:29:00 |a cmena | ||
| 999 | |c 375742 |d 375740 | ||
| 952 | |0 0 |1 0 |3 erb |4 0 |6 345_450500000000000_TON_2019 |7 0 |8 A |9 494789 |a BIBDER |b BIBDER |d 2019-10-02 |e 60 |g 97117.00 |i 5562791 |o 345.4505 TON 2019 |p 5562791 |r 2023-01-25 |v 97117.00 |w 2019-11-24 |y BK |z Catalogado en:20191010 |k DER | ||